Sera's Confession - Hazbin Hotel - Statistics

General Stats
  • This quiz has been taken 21 times
  • The average score is 174 of 208
Answer Stats
Hint Answer % Correct
be
100%
do
100%
don't
100%
Sera I
100%
I?
100%
know
100%
so
100%
So
100%
Thought
100%
to
100%
was
100%
what
100%
What
100%
a
90%
bestowed
90%
by
90%
can
90%
can't
90%
could
90%
evil?
90%
find
90%
from
90%
good
90%
have
90%
how
90%
How
90%
kind
90%
leader
90%
leading
90%
me
90%
must
90%
no
90%
now
90%
of
90%
on
90%
people
90%
poor
90%
saved?
90%
souls
90%
tell
90%
Sera Tell
90%
that
90%
the
90%
those
90%
though
90%
time
90%
truth
90%
upon
90%
will
90%
you
90%
Speaker of God You
90%
All
80%
an
80%
and
80%
answer
80%
as
80%
atone
80%
bear
80%
been
80%
but
80%
commanded
80%
cross
80%
damnation
80%
daughters
80%
depraved?
80%
drew
80%
every
80%
faced
80%
feel
80%
flows
80%
for
80%
forgiveness
80%
grant
80%
Hell
80%
her
80%
high
80%
Sera If
80%
I'm
80%
in
80%
inside
80%
justice
80%
lesson
80%
light
80%
Speaker of God Look
80%
looking
80%
many
80%
Speaker of God Once
80%
Speaker of God One
80%
one
80%
only
80%
our
80%
seeks
80%
serve
80%
sons
80%
sorrow
80%
speak
80%
than
80%
tomorrow?
80%
transgression
80%
trust
80%
when
80%
wiser
80%
with
80%
yesterday
80%
your
80%
You're
80%
based
70%
choices
70%
cruel
70%
earn
70%
Give
70%
guidance
70%
hide
70%
made
70%
may
70%
More
70%
not
70%
other
70%
own
70%
pity
70%
please
70%
pose?
70%
Pray
70%
repeat
70%
show
70%
sign
70%
slaughter
70%
stand
70%
sure
70%
Sera Take
70%
their
70%
threat
70%
us
70%
voices
70%
way
70%
What's
70%
Would
70%
blind
60%
down
60%
exposed
60%
ignite
60%
leave
60%
massacre
60%
righteously
60%
salvation
60%
conceit?
50%
mistaken
50%
No matching quizzes found
Score Distribution
Percent of People with Each Score
Percentile by Number Answered
Your Score History
You have not taken this quiz